MLB Cleveland Guardians Season Home Run Leaders - Statistics

General Stats
  • This quiz has been taken 25 times
    8 since last reset
  • The average score is 54 of 132
Answer Stats
Year Player % Correct
1991 | 1992 | 1993 | +3 others Albert Belle
100%
1997 | 2001 | 2002 Jim Thome
100%
2018 | 2020 | 2021 | +4 others José Ramírez
100%
1998 | 1999 | 2000 Manny Ramirez
100%
1949 | 1952 | 1954 | 1955 Larry Doby
88%
1958 | 1959 | 1966 Rocky Colavito
75%
2011 | 2012 | 2014 | +2 others Carlos Santana
63%
1986 | 1988 | 1989 Joe Carter
63%
1910 Nap Lajoie
63%
2004 | 2005 | 2006 Travis Hafner
63%
1922 | 1923 | 1924 | +2 others Tris Speaker
63%
1987 Cory Snyder
50%
1929 | 1931 | 1932 | 1933 Earl Averill
50%
1917 | 1919 | 1920 | 1921 Elmer Smith
50%
2008 Grady Sizemore
50%
1980 Joe Charboneau
50%
1911 | 1912 | 1913 | 1914 Joe Jackson
50%
2016 Mike Napoli
50%
1950 | 1953 Al Rosen
38%
1977 | 1978 | 1979 | +3 others Andre Thornton
38%
2017 Edwin Encarnación
38%
1983 Gorman Thomas
38%
2007 Victor Martinez
38%
1975 Boog Powell
25%
1990 Candy Maldonado
25%
1970 | 1971 | 1972 Graig Nettles
25%
1934 | 1935 | 1936 | +3 others Hal Trosky
25%
1981 Bo Díaz
13%
Casey Blake
13%
Elmer Flick
13%
1928 George Burns
13%
1907 Jay Clarke
13%
1941 | 1943 | 1945 Jeff Heath
13%
1947 | 1948 Joe Gordon
13%
1969 Ken Harrelson
13%
1951 Luke Easter
13%
2013 Nick Swisher
13%
1946 Pat Seerey
13%
1905 Terry Turner
13%
Tony Horton
13%
1956 | 1957 Vic Wertz
13%
Bill Bradley
0%
Bill Hinchman
0%
1915 Braggo Roth
0%
1906 Bunk Congalton
0%
1903 Charlie Hickman
0%
1973 | 1974 Charlie Spikes
0%
1930 Ed Morgan
0%
1976 George Hendrick
0%
1909 George Stovall
0%
Jack Graney
0%
2003 Jody Gerut
0%
1927 Johnny Hodapp
0%
1962 John Romano
0%
1938 Ken Keltner
0%
1964 | 1965 Leon Wagner
0%
1942 Les Fleming
0%
1963 | 1967 Max Alvis
0%
1944 Roy Cullenbine
0%
2009 | 2010 Shin-Soo Choo
0%
1918 Smoky Joe Wood
0%
1961 Willie Kirkland
0%
1960 Woodie Held
0%
No matching quizzes found
Score Distribution
Percent of People with Each Score
Percentile by Number Answered
Your Score History
You have not taken this quiz since the last reset